[Event "Alushta Autumn 2nd"]
[Site "Alushta"]
[Date "2010.09.21"]
[Round "10"]
[White "Petrova, Liudmila V"]
[Black "Derjabin, Ilja"]
[Result "1/2-1/2"]
[WhiteElo "2065"]
[BlackElo "2409"]
[PlyCount "56"]
[EventDate "2010.09.14"]
[EventType "tourn"]
[EventRounds "13"]
[EventCountry "UKR"]
[EventCategory "4"]
[SourceTitle "CBM 138 Extra"]
[Source "ChessBase"]
[SourceDate "2010.10.29"]
[SourceVersion "1"]
[SourceVersionDate "2010.10.29"]
[SourceQuality "1"]

1. e4 e5 2. Nf3 Nc6 3. d4 d6 4. Bc4 Bg4 5. c3 Nf6 6. 0-0 Bxf3 7. Qxf3 exd4 8. cxd4 Nxd4 9. Qd1 Ne6 10. f4 c6 11. Nc3 Be7 12. Be3 0-0 13. f5 Nc7 14. Bb3 b5 15. Qf3 Nd7 16. Rad1 Ne5 17. Qg3 Bf6 18. Ne2 Qe7 19. Nf4 Kh8 20. Nh5 Ne8 21. Bf4 a5 22. a4 bxa4 23. Bxa4 Rb8 24. b3 Rb4 25. Qe3 Nc4 26. bxc4 Rxa4 27. Nxf6 gxf6 28. Qd4 Ra2 1/2-1/2

[Event "Alushta Autumn 2nd"]
[Site "Alushta"]
[Date "2010.09.20"]
[Round "9"]
[White "Kutepov, Denis"]
[Black "Petrova, Liudmila V"]
[Result "0-1"]
[WhiteElo "2087"]
[BlackElo "2065"]
[PlyCount "58"]
[EventDate "2010.09.14"]
[EventType "tourn"]
[EventRounds "13"]
[EventCountry "UKR"]
[EventCategory "4"]
[SourceTitle "CBM 138 Extra"]
[Source "ChessBase"]
[SourceDate "2010.10.29"]
[SourceVersion "1"]
[SourceVersionDate "2010.10.29"]
[SourceQuality "1"]

1. e4 e6 2. d4 b6 3. Nc3 Bb7 4. f4 Bb4 5. Bd3 f5 6. Qe2 Qh4+ 7. g3 Qe7 8. Nf3 c5 9. dxc5 Bxc3+ 10. bxc3 Qxc5 11. c4 fxe4 12. Bxe4 Bxe4 13. Qxe4 Nc6 14. Be3 Nf6 15. Qd3 Qe7 16. 0-0 0-0 17. Rab1 Rac8 18. Rb5 d6 19. Re1 Na5 20. Bd4 Nxc4 21. Ng5 e5 22. fxe5 dxe5 23. Bxe5 Rfd8 24. Qf1 Re8 25. Bc3 Qd7 26. Rb3 Rxe1 27. Bxe1 Nd2 28. Bxd2 Qxd2 29. Nh3 Rxc2 0-1

[Event "Alushta Autumn 2nd"]
[Site "Alushta"]
[Date "2010.09.19"]
[Round "8"]
[White "Petrova, Liudmila V"]
[Black "Belikov, Vladimir"]
[Result "0-1"]
[WhiteElo "2065"]
[BlackElo "2483"]
[PlyCount "76"]
[EventDate "2010.09.14"]
[EventType "tourn"]
[EventRounds "13"]
[EventCountry "UKR"]
[EventCategory "4"]
[SourceTitle "CBM 138 Extra"]
[Source "ChessBase"]
[SourceDate "2010.10.29"]
[SourceVersion "1"]
[SourceVersionDate "2010.10.29"]
[SourceQuality "1"]

1. e4 d5 2. exd5 Qxd5 3. Nc3 Qd6 4. d4 Nf6 5. Nf3 g6 6. g3 Bg7 7. Bg2 Qa6 8. Qe2 Qxe2+ 9. Nxe2 Bf5 10. c3 Nbd7 11. 0-0 c6 12. Re1 0-0 13. Nf4 Rfe8 14. h3 Be4 15. Be3 a5 16. Ng5 Bxg2 17. Kxg2 a4 18. a3 e5 19. dxe5 Nxe5 20. Bd4 Nc4 21. Nd3 Nd5 22. Bxg7 Kxg7 23. Nf3 Red8 24. Nfe5 Ndb6 25. Rad1 Rd5 26. Nxc4 Nxc4 27. Nf4 Rxd1 28. Rxd1 Nxb2 29. Rb1 Nc4 30. Rxb7 Nxa3 31. Rb2 Nc4 32. Ra2 a3 33. Nd3 Rd8 34. Nb4 c5 35. Na6 Rc8 36. Kf1 Rc6 37. Nb8 Rd6 38. Kg2 Kf8 0-1

[Event "Alushta Autumn 2nd"]
[Site "Alushta"]
[Date "2010.09.19"]
[Round "12"]
[White "Petrova, Liudmila V"]
[Black "Voloshin, Leonid"]
[Result "0-1"]
[WhiteElo "2065"]
[BlackElo "2453"]
[PlyCount "54"]
[EventDate "2010.09.14"]
[EventType "tourn"]
[EventRounds "13"]
[EventCountry "UKR"]
[EventCategory "4"]
[SourceTitle "CBM 138 Extra"]
[Source "ChessBase"]
[SourceDate "2010.10.29"]
[SourceVersion "1"]
[SourceVersionDate "2010.10.29"]
[SourceQuality "1"]

1. e4 d6 2. d4 Nf6 3. Nc3 e5 4. Nf3 Nbd7 5. Bc4 Be7 6. 0-0 0-0 7. Re1 c6 8. a4 b6 9. b3 a6 10. Bb2 Bb7 11. Bd3 Re8 12. Ne2 Bf8 13. Ng3 g6 14. Qd2 Bg7 15. c3 Qc7 16. Ng5 d5 17. dxe5 Nxe5 18. Bc2 h6 19. Nh3 dxe4 20. Nxe4 Nxe4 21. Bxe4 f5 22. Bc2 c5 23. Qf4 Re7 24. Re3 Rae8 25. Rae1 Qc6 26. Qg3 h5 27. Nf4 Bh6 0-1

[Event "Alushta Autumn 2nd"]
[Site "Alushta"]
[Date "2010.09.16"]
[Round "3"]
[White "Alaguzov, Maxat"]
[Black "Petrova, Liudmila V"]
[Result "1/2-1/2"]
[WhiteElo "2347"]
[BlackElo "2065"]
[PlyCount "78"]
[EventDate "2010.09.14"]
[EventType "tourn"]
[EventRounds "13"]
[EventCountry "UKR"]
[EventCategory "4"]
[SourceTitle "CBM 138 Extra"]
[Source "ChessBase"]
[SourceDate "2010.10.29"]
[SourceVersion "1"]
[SourceVersionDate "2010.10.29"]
[SourceQuality "1"]

1. d4 Nf6 2. c4 g6 3. Nc3 Bg7 4. e4 d6 5. Nf3 0-0 6. Be2 e5 7. 0-0 Nc6 8. d5 Ne7 9. b4 Nd7 10. Be3 f5 11. Ng5 Nf6 12. Bf3 a5 13. a3 fxe4 14. Ncxe4 Nxe4 15. Bxe4 Nf5 16. Bd2 axb4 17. axb4 Rxa1 18. Qxa1 Nd4 19. Qd1 Qe7 20. Re1 h6 21. Nf3 Bg4 22. Re3 Bxf3 23. Bxf3 Qh4 24. Re4 Nxf3+ 25. Qxf3 Rxf3 26. Rxh4 Rd3 27. Be1 h5 28. Re4 Bh6 29. Kf1 Rd1 30. Ke2 Rb1 31. b5 Rc1 32. Kd3 Kf7 33. Re2 Rd1+ 34. Kc2 Rc1+ 35. Kb3 Rb1+ 36. Ka3 Rc1 37. Kb3 Rb1+ 38. Kc2 Rc1+ 39. Kb3 Rb1+ 1/2-1/2

[Event "Alushta Autumn 2nd"]
[Site "Alushta"]
[Date "2010.09.16"]
[Round "4"]
[White "Petrova, Liudmila V"]
[Black "Polivanov, Anatoliy"]
[Result "1-0"]
[WhiteElo "2065"]
[BlackElo "2380"]
[PlyCount "55"]
[EventDate "2010.09.14"]
[EventType "tourn"]
[EventRounds "13"]
[EventCountry "UKR"]
[EventCategory "4"]
[SourceTitle "CBM 138 Extra"]
[Source "ChessBase"]
[SourceDate "2010.10.29"]
[SourceVersion "1"]
[SourceVersionDate "2010.10.29"]
[SourceQuality "1"]

1. e4 e6 2. d4 d5 3. Nc3 Nf6 4. e5 Nfd7 5. f4 c5 6. Nf3 Nc6 7. Be3 a6 8. Qd2 b5 9. a3 g5 10. fxg5 cxd4 11. Nxd4 Ndxe5 12. Be2 Bg7 13. 0-0 Nxd4 14. Bxd4 0-0 15. Qe3 Qc7 16. Rae1 Bb7 17. Kh1 Rac8 18. Qh3 Ng6 19. Bxg7 Kxg7 20. Bd3 Rh8 21. Ne2 Qe5 22. Ng3 Qxg5 23. Rxf7+ Kxf7 24. Qxe6+ Kf8 25. Bxg6 hxg6 26. Rf1+ Kg7 27. Rf7+ Kh6 28. Qh3+ 1-0

[Event "Central FO-ch (Women)"]
[Site "Gagarin"]
[Date "2009.05.07"]
[Round "7"]
[White "Petrova, Liudmila V"]
[Black "Zarivkina, Victorya"]
[Result "0-1"]
[WhiteElo "2092"]
[BlackElo "2113"]
[PlyCount "66"]
[EventDate "2009.05.01"]
[EventType "swiss"]
[EventRounds "7"]
[EventCountry "RUS"]
[SourceTitle "CBM 130 Extra"]
[Source "ChessBase"]
[SourceDate "2009.07.02"]
[SourceVersion "2"]
[SourceVersionDate "2009.07.15"]
[SourceQuality "1"]

1. e4 g6 2. d4 Bg7 3. Nc3 d6 4. f4 Nd7 5. Nf3 c5 6. Be3 b6 7. Bd3 Bb7 8. 0-0 Ngf6 9. Qe1 Ng4 10. e5 Nxe3 11. Qxe3 cxd4 12. Nxd4 dxe5 13. fxe5 e6 14. Rad1 a6 15. Bc4 Qe7 16. Nxe6 fxe6 17. Rd6 Nf8 18. Qxb6 Bxe5 19. Rxf8+ Kxf8 20. Rxe6 Bxh2+ 21. Kxh2 Qh4+ 22. Kg1 Qxc4 23. Qd6+ Kg8 24. Qe5 Rf8 25. Ne2 Qg4 26. Ng3 Qd1+ 27. Kh2 Qxc2 28. Ne2 Qf5 29. Qe3 Qg4 30. Ng3 Qh4+ 31. Kg1 Qf4 32. Qe1 Qd4+ 33. Kh2 Qxb2 0-1

[Event "Voronezh op-B"]
[Site "Voronezh"]
[Date "2008.06.18"]
[Round "7"]
[White "Manukovsky, Vladimir"]
[Black "Petrova, Liudmila V"]
[Result "1-0"]
[WhiteElo "2218"]
[BlackElo "2100"]
[PlyCount "71"]
[EventDate "2008.06.12"]
[EventType "swiss"]
[EventRounds "9"]
[EventCountry "RUS"]
[SourceTitle "CBM 125 Extra"]
[Source "ChessBase"]
[SourceDate "2008.09.01"]
[SourceVersion "1"]
[SourceVersionDate "2008.09.01"]
[SourceQuality "1"]

1. d4 Nf6 2. c4 g6 3. Nc3 Bg7 4. e4 d6 5. f3 0-0 6. Be3 e5 7. Nge2 Nc6 8. Qd2 a6 9. 0-0-0 b5 10. cxb5 axb5 11. d5 Ne7 12. a3 Bd7 13. Na2 Qb8 14. Nec3 Rc8 15. Kb1 Ne8 16. h4 c5 17. dxc6 Nxc6 18. Bxb5 Rc7 19. Bxc6 Bxc6 20. Nb4 Ba4 21. Rc1 Bb3 22. h5 Rb7 23. Ncd5 Bxd5 24. exd5 Nc7 25. Rc2 Nb5 26. Rhc1 Qe8 27. Ka2 Rbb8 28. Nc6 Rb7 29. Qd3 f5 30. hxg6 hxg6 31. g4 e4 32. fxe4 fxe4 33. Qd2 Bxb2 34. Rxb2 Rxa3+ 35. Kb1 Rd3 36. Qe1 1-0

[Event "Geller Memorial op-A 3rd"]
[Site "Odessa"]
[Date "2007.09.15"]
[Round "8"]
[White "Daryev, Sergey"]
[Black "Petrova, Liudmila V"]
[Result "0-1"]
[WhiteElo "2039"]
[BlackElo "2129"]
[PlyCount "50"]
[EventDate "2007.09.08"]
[EventType "swiss"]
[EventRounds "9"]
[EventCountry "UKR"]
[SourceTitle "CBM 120 Extra"]
[Source "ChessBase"]
[SourceDate "2007.11.01"]
[SourceVersion "1"]
[SourceVersionDate "2007.11.01"]
[SourceQuality "1"]

1. e4 d5 2. exd5 Nf6 3. d4 Bg4 4. Nf3 Qxd5 5. Nbd2 e6 6. c3 Nc6 7. Qb3 Qxb3 8. axb3 Bd6 9. Bb5 0-0 10. Bxc6 bxc6 11. b4 Nd7 12. h3 Bf5 13. 0-0 f6 14. Re1 Rfe8 15. Nc4 Bd3 16. Na5 e5 17. dxe5 Nxe5 18. Nxe5 Bxe5 19. Re3 Bb5 20. Nb3 Rad8 21. f4 Rd1+ 22. Kf2 Rf1+ 23. Kg3 Bxf4+ 24. Kg4 Bxe3 25. Bxe3 Rxa1 0-1

[Event "Dmitrov"]
[Site "Dmitrov"]
[Date "2007.07.29"]
[Round "9"]
[White "Petrova, Liudmila V"]
[Black "Kovpak, Anastasia"]
[Result "1-0"]
[WhiteElo "2129"]
[BlackElo "2072"]
[PlyCount "51"]
[EventDate "2007.07.22"]
[EventType "tourn"]
[EventRounds "9"]
[EventCountry "RUS"]
[SourceTitle "EXT 2010"]
[Source "ChessBase"]
[SourceDate "2010.11.25"]
[SourceVersion "1"]
[SourceVersionDate "2010.11.25"]
[SourceQuality "1"]

1. e4 c6 2. d4 d5 3. e5 Bf5 4. Nc3 e6 5. g4 Bg6 6. Nge2 h6 7. Be3 Nd7 8. h4 c5 9. f4 c4 10. f5 exf5 11. Nf4 Ne7 12. Nxg6 fxg6 13. Bh3 Qb6 14. Qf3 Qxb2 15. Kd2 0-0-0 16. Rab1 Qa3 17. gxf5 gxf5 18. Nb5 Qa5+ 19. Ke2 Nc6 20. Bxf5 a6 21. Qxd5 axb5 22. Rxb5 Qxa2 23. Rhb1 Qa6 24. e6 Ne7 25. exd7+ Kb8 26. Rxb7+ 1-0

[Event "Dmitrov"]
[Site "Dmitrov"]
[Date "2007.07.22"]
[Round "1"]
[White "Matveeva, Olga"]
[Black "Petrova, Liudmila V"]
[Result "0-1"]
[WhiteElo "2226"]
[BlackElo "2129"]
[PlyCount "90"]
[EventDate "2007.07.22"]
[EventType "tourn"]
[EventRounds "9"]
[EventCountry "RUS"]
[SourceTitle "EXT 2010"]
[Source "ChessBase"]
[SourceDate "2010.11.25"]
[SourceVersion "1"]
[SourceVersionDate "2010.11.25"]
[SourceQuality "1"]

1. d4 Nf6 2. c4 g6 3. Nc3 Bg7 4. e4 d6 5. Nf3 0-0 6. h3 Na6 7. Be3 Qe8 8. Be2 e5 9. d5 Nh5 10. Nh4 Nf4 11. g3 Nxe2 12. Qxe2 Bd7 13. 0-0-0 Nc5 14. g4 a6 15. Ng2 b5 16. Bxc5 dxc5 17. h4 bxc4 18. h5 Bf6 19. hxg6 fxg6 20. Ne3 Bg5 21. Kb1 Rf4 22. d6 cxd6 23. Ncd5 Rxe4 24. Nc7 Qb8 25. Nxa8 c3 26. b3 c4 27. Qc2 Qxa8 28. Nxc4 Bxg4 29. Qxc3 Bxd1 30. Rxd1 d5 31. Nb6 Qf8 32. Nxd5 Qxf2 33. Qc8+ Kg7 34. Qb7+ Kh6 35. Nf6 Qxf6 36. Qxe4 Qf5 37. Rh1+ Kg7 38. Qxf5 gxf5 39. Kc2 e4 40. Rd1 f4 41. Rd4 e3 42. Kd3 f3 43. Rd5 Kf6 44. Ke4 e2 45. Rf5+ Kg6 0-1